000 00306nam a22001217a 4500
008 160429b xxu||||| |||| 00| 0 eng d
020 _a9781608311651
020 _a16088311651
041 _aeng
080 _a618.2
245 _aNursing diagnosis:
_cSheila Sparks Ralph; Cynthia M. Taylor;
942 _2udc
_cBK
999 _c1682
_d1682